| 000 | 00479nam a22001217a 4500 | ||
|---|---|---|---|
| 082 | _a220 PRO | ||
| 100 |
_aHafiz Hamza Basit Hafiz Muhammad Muavia Ejaz Usmani _971320 |
||
| 245 | _aPR-SOF-1456-DESIGN, FABRICATION AND CONTROL OF A WIRELESSLY OPERATED MULTI-TERRAIN UNMANNED GROUND VEHICLE | ||
| 260 |
_aISLAMABAD _bNUST COLLEGE OF EME _c2019 |
||
| 650 | _aDE-MECH-33 | ||
| 700 |
_aAssistant Professor Dr. Sajid Ullah Butt Assistant Professor Rehan Ahmed Khan _971321 |
||
| 942 | _cCR | ||
| 999 |
_c577901 _d577901 |
||